000 00735nam a2200217 a 4500
001 BRCA_2970
005 20190320204041.0
008 181208s1916----mdu#---###---#000-0#eng-#
050 4 _aE183.8
_b.M36 1916
100 1 _aManning, William Ray
_98237
245 1 0 _aEarly Diplomatic Relations Between the United States and Mexico
_cby William R. Manning.
260 _aBaltimore, Maryland
_bThe Johns Hopkins Press
_c1916
300 _axi, 406 p.
_c20 cm.
440 0 _aThe Albert Show Lectures on Diplomatic History
_n1913
_98238
500 _aIncluye índice alfabético
500 _aB82
651 4 _aMéxico
_xRelaciones exteriores
_98239
651 4 _aEstados Unidos
_xRelaciones exteriores
_98040
902 _aGFM
942 _2lcc
_cB
999 _c2709
_d2709